[Event "Itau Mercosul Cup 3rd"]
[Site "Sao Paulo"]
[Date "1999.??.??"]
[Round "5"]
[White "Rocha, Wellington Carlos"]
[Black "Vescovi, Giovanni"]
[Result "0-1"]
[WhiteElo "2361"]
[BlackElo "2522"]

1.e4 c5 2.Nf3 Nc6 3.Nc3 e5 4.Bc4 d6 5.d3 Be7 6.h3 Nf6 7.Bg5 O-O 8.O-O Be6
9.Bxf6 Bxf6 10.Nd5 g6 11.Nxf6+ Qxf6 12.Nh2 Qe7 13.c3 Rad8 14.Qe2 d5 15.Bb5 Na5
16.exd5 Rxd5 17.Bc4 Nxc4 18.dxc4 Rd7 19.Qxe5 Bxc4 20.Ng4 f6 21.Qxe7 Rxe7
22.Rfe1 Kf7 23.Rxe7+ Kxe7 24.Ne3 Be6 25.Rd1 Rd8 26.Rxd8 Kxd8 27.a3 Kc7 28.Kf1 Kb6
29.Ke2 Kb5 30.Kd3 Ka4 31.Kc2 Kb5 32.Kd3 g5 33.c4+ Kc6 34.g4 Kd6 35.Ke4 Bd7
36.Nd5 Ke6 37.Nc7+ Kf7 38.f4 Bc6+ 39.Kf5 h6 40.Nd5 Bxd5 41.cxd5 b5 42.fxg5 hxg5
43.d6 c4 44.d7 Ke7 45.d8=Q+ Kxd8 46.Kxf6 a5 47.Ke5 b4 48.axb4 c3  0-1

[Event "Liechtenstein op"]
[Site "Schaan"]
[Date "1999.??.??"]
[Round "1"]
[White "Hoffmann, Wolfgang"]
[Black "Roth, Josef"]
[Result "0-1"]
[WhiteElo "1730"]
[BlackElo "2180"]

1.e4 c5 2.Nf3 Nc6 3.Nc3 d6 4.d4 cxd4 5.Nxd4 Nf6 6.Bg5 e6 7.Qd2 Be7 8.O-O-O Nxd4
9.Qxd4 O-O 10.f3 a6 11.Be3 b5 12.g4 Bb7 13.Kb1 Qc7 14.Qb6 Qxb6 15.Bxb6 d5
16.exd5 Nxd5 17.Nxd5 Bxd5 18.Be2 Bg5 19.b3 Rfc8 20.Rd3 Rc6 21.Be3 Bf6 22.Bd4 Rac8
23.Bd1 Bg5 24.Be3 Bxe3 25.Rxe3 f6 26.Rd3 Rc3 27.Re1 Rxd3 28.cxd3 Rc3 29.Bc2 e5
30.Rf1 g5 31.Kc1 b4 32.Kd2 a5 33.h4 h6 34.hxg5 hxg5 35.Rh1 Kg7 36.Rf1 Rc8
37.Rf2 a4 38.Ke3 Rc3 39.Rd2 axb3 40.axb3 Bxb3 41.Bxb3 Rxb3 42.Rc2 Rc3 43.Ra2 Rc7
44.Kd2 Kf7 45.Ra6 Rb7 46.Rd6 b3 47.Kc1 Rb4 48.Rd7+ Kg6 49.Kb2 Rf4 50.Kxb3 Rxf3
51.Kc4  0-1

[Event "Staufer-Open 11th"]
[Site "Schwaebisch Gmuend"]
[Date "1999.??.??"]
[Round "4"]
[White "Buhmann, Rainer"]
[Black "Bagaturov, Giorgi"]
[Result "1/2-1/2"]
[WhiteElo "2315"]
[BlackElo "2540"]

1.e4 c5 2.Ne2 Nc6 3.Nbc3 d6 4.d3 g6 5.g3 Bg7 6.Bg2 e5 7.Nd5 Nce7 8.Nec3 Be6
9.O-O Bxd5 10.exd5 Nf6 11.f4 O-O 12.fxe5 dxe5 13.Bg5 Ne8 14.Ne4 f6 15.Be3 b6
16.c4 Rb8 17.Rb1 f5 18.Ng5 Nc7 19.Qe2 h6 20.Nf3 g5 21.Bd2 Ng6 22.Bc3 Qd6
23.Nd2 g4 24.b4 Na6 25.a3 h5 26.Rf2 Rf7 27.Qd1 Rbf8 28.Qa4 Nb8 29.bxc5 bxc5
30.Qb5 Bh6 31.Re2 h4 32.Nf1 Bg7 33.Reb2 hxg3 34.hxg3 e4 35.Bxg7 Kxg7 36.dxe4 f4
37.gxf4 Nxf4 38.Qa5 Qe5 39.Qd2 Nd7 40.Rb7 Nf6 41.Rxf7+  1/2-1/2

[Event "Staufer-Open 11th"]
[Site "Schwaebisch Gmuend"]
[Date "1999.??.??"]
[Round "4"]
[White "Zeller, Frank"]
[Black "Ortmann, David"]
[Result "1-0"]
[WhiteElo "2440"]
[BlackElo "2170"]

1.e4 c5 2.Nf3 Nc6 3.Nc3 Nf6 4.Bb5 Nd4 5.e5 Nxb5 6.Nxb5 Nd5 7.Ng5 f6 8.Qf3 fxg5
9.Qxd5 e6 10.Qf3 a6 11.Nc3 Be7 12.O-O g6 13.b3 Qc7 14.Bb2 Qc6 15.Qxc6 dxc6
16.Ne4 O-O 17.Ba3 Rd8 18.Rad1 Rd4 19.d3 b6 20.c3 Rd5 21.d4 Ra7 22.dxc5 bxc5
23.Rxd5 cxd5 24.Bxc5 Bxc5 25.Nxc5 Rc7 26.b4 g4 27.Rd1 Kf7 28.Rd4 h5 29.Rf4+ Kg7
30.Kf1 Rc6 31.Ke2 a5 32.Kd2 g5 33.Rf6 Rb6 34.a3 axb4 35.cxb4 h4 36.Kc3  1-0

[Event "Sevilla op"]
[Site "Sevilla"]
[Date "1999.??.??"]
[Round "8"]
[White "Teran Alvarez, Ismael"]
[Black "Frois, Antonio"]
[Result "1/2-1/2"]
[WhiteElo "2305"]
[BlackElo "2350"]

1.e4 c5 2.Nf3 Nc6 3.Nc3 g6 4.d4 cxd4 5.Nxd4 Bg7 6.Be3 Nf6 7.Bc4 O-O 8.Bb3 a5
9.f3 d5 10.Bxd5 Nxd5 11.Nxd5 f5 12.Nxc6 bxc6 13.Nb6 Rb8 14.Qxd8 Rxd8 15.Rd1 Rxd1+
16.Kxd1 fxe4 17.fxe4 Bxb2  1/2-1/2

[Event "Villa de Sitges 35th"]
[Site "Sitges"]
[Date "1999.??.??"]
[Round "6"]
[White "Lacasta"]
[Black "Brumen, Dinko"]
[Result "0-1"]
[WhiteElo "2190"]
[BlackElo "2360"]

1.e4 c5 2.Nf3 Nc6 3.Nc3 d6 4.Bc4 e6 5.O-O Nf6 6.d3 d5 7.Bb5 Be7 8.Ne5 Qc7
9.f4 O-O 10.Nxc6 bxc6 11.Ba4 Ba6 12.e5 Nd7 13.Rf3 Nb6 14.b3 c4 15.dxc4 dxc4
16.Rh3 f5 17.Kh1 g6 18.Qe1 Rad8 19.Be3 Nd5 20.Nxd5 exd5 21.Rd1 c5 22.Bd2 Qb7
23.Ba5 Rc8 24.c3 Bb5 25.Bxb5 Qxb5 26.b4 d4 27.a3 d3 28.Qd2 Qa4 29.Qc1 Rc6
30.Rf3 cxb4 31.axb4 Bd8 32.Bxd8 Rxd8 33.Rff1 a5 34.bxa5 Qxa5 35.Qd2 Ra8 36.Rb1 Rca6
37.Rb2  0-1

[Event "Villa de Sitges 35th"]
[Site "Sitges"]
[Date "1999.??.??"]
[Round "7"]
[White "Fressinet, Laurent"]
[Black "Ayas Fernandez, Antonio"]
[Result "1-0"]
[WhiteElo "2440"]
[BlackElo "2350"]

1.e4 c5 2.Nf3 Nc6 3.Nc3 Nf6 4.Bb5 a6 5.Bxc6 dxc6 6.h3 g6 7.d3 Bg7 8.Be3 b6
9.Qd2 h6 10.Rd1 g5 11.Nh2 e5 12.Nf1 Nh5 13.g3 Bf6 14.Na4 a5 15.c3 Ba6 16.d4 cxd4
17.cxd4 exd4 18.Bxd4 Bxd4 19.Qxd4 Qxd4 20.Rxd4 Rb8 21.Ne3 Ng7 22.h4 gxh4
23.Rxh4 Ke7 24.e5 Bc8 25.Rd6 h5 26.Rxc6 Bd7 27.Nd5+ Kf8  1-0

[Event "Sundsvall op"]
[Site "Sundsvall"]
[Date "1999.??.??"]
[Round "1"]
[White "Sundin, David"]
[Black "Karrlander, Gunnar"]
[Result "1/2-1/2"]
[WhiteElo "2565"]
[BlackElo "1835"]

1.e4 c5 2.Nc3 Nc6 3.Nf3 d6 4.Bc4 e6 5.d3 Be7 6.Be3 Nf6 7.Qd2 a6 8.O-O-O b5
9.Bb3 Rb8 10.a3 Bd7 11.Qe2 b4 12.axb4 Nxb4 13.Kd2 Qc7 14.Ra1 O-O 15.d4 cxd4
16.Bxd4 Rfd8 17.Rhd1 Bc6 18.Ke1 d5 19.Be5 Qb7 20.Bxb8 Rxb8 21.e5 Ne4 22.Nd4 Nc5
23.Ra3 Rc8 24.f4 Ne4 25.Nxe4 dxe4 26.Nxe6 Nxc2+ 27.Qxc2 Bb4+ 28.Kf2 Bd7 29.Qb1 fxe6
30.Qa2 Qb6+ 31.Kg3 Qe3+ 32.Kg4 h5+ 33.Kxh5 Qe2+ 34.Kh4 Be7+ 35.Kg3 Qe3+ 36.Kg4 Qe2+
37.Kg3 Kf7 38.Rxa6 Qe3+ 39.Kg4 Qe2+  1/2-1/2

[Event "Sutton op"]
[Site "Sutton"]
[Date "1999.??.??"]
[Round "2"]
[White "Tan, Desmond"]
[Black "Wall, Tim"]
[Result "0-1"]
[WhiteElo "2165"]
[BlackElo "2351"]

1.e4 c5 2.Nc3 Nc6 3.Bb5 Na5 4.Nf3 a6 5.Be2 d6 6.d4 cxd4 7.Nxd4 e6 8.O-O Nf6
9.f4 Qc7 10.Kh1 Be7 11.Bf3 O-O 12.g4 Nd7 13.g5 Re8 14.f5 Ne5 15.Bg2 Bf8 16.Nce2 Bd7
17.Nf4 Nac6 18.c3 b5 19.fxe6 fxe6 20.Bh3 Qc8 21.a4 Rb8 22.axb5 axb5 23.b4 g6
24.Ndxe6 Bxe6 25.Nxe6 Rxe6 26.Qd5 Nd8 27.Rf6 Qxc3 28.Bxe6+ Nxe6 29.Qxe6+ Kh8
30.Bb2 Qxb2 31.Raf1 Bg7 32.Qxd6 Rg8 33.R6f2 Qb3 34.Rf4 Qc4 35.Qd2 Nd3 36.Rh4 Nxb4
37.Qg2 Rd8 38.Rhf4 Nd3 39.Rf7 b4 40.e5 Nxe5 41.Rb7 Nd3 42.Rff7 Nf4  0-1

[Event "SVK-chT 9899"]
[Site "SVK"]
[Date "1999.??.??"]
[Round "5"]
[White "Hagara, Eduard"]
[Black "Lisko, Frantisek"]
[Result "0-1"]
[WhiteElo "2270"]
[BlackElo "2325"]

1.e4 c5 2.Nf3 Nc6 3.Nc3 e5 4.Bc4 h6 5.b4 cxb4 6.Nd5 Nf6 7.Bb2 d6 8.h3 Nxe4
9.Qe2 Bf5 10.d4 g5 11.O-O Bg7 12.Ne3 Bg6 13.dxe5 dxe5 14.Rfd1 Qc8 15.Ng4 O-O
16.Nfxe5 Bh7 17.Nxc6 bxc6 18.Bxg7 Kxg7 19.f3 h5 20.fxe4 hxg4 21.e5 gxh3 22.e6 Qc7
23.Rd7 Qg3 24.Rf1 Bg6 25.Qf2 Qxg2+ 26.Qxg2 hxg2 27.Kxg2 Rad8 28.Rxa7 Rd2+
29.Kg3 Rxc2 30.Bb3 Rc3+ 31.Kg4 Bd3 32.Rfxf7+ Rxf7 33.Rxf7+ Kg6 34.Kg3 c5
35.Kf2 c4 36.Bd1 Bc2 37.Bh5+ Kxh5 38.e7 Ba4 39.Rf8 Rc2+ 40.Ke3 Rxa2 41.Ra8 Ra3+
42.Kd4 Bd7 43.Rh8+ Kg6 44.Kxc4 b3 45.e8=Q+ Bxe8 46.Rxe8 b2 47.Rb8 Ra2 48.Kc3 g4
49.Kc2 Kg5  0-1

[Event "SVK-chT1E 9899"]
[Site "SVK"]
[Date "1999.??.??"]
[Round "6"]
[White "Giertli, Vladimir"]
[Black "Jelen, Peter"]
[Result "0-1"]
[WhiteElo "2140"]
[BlackElo "2150"]

1.e4 c5 2.Nf3 Nc6 3.Nc3 d6 4.d4 cxd4 5.Nxd4 Nf6 6.Bg5 e6 7.f4 Qb6 8.Nb3 Bd7
9.Qd2 Rc8 10.Bh4 a6 11.Be2 Nb4 12.Bf2 Qc7 13.a3 Nxe4 14.Nxe4 Nxc2+ 15.Kf1 Nxa1
16.Nxa1 Qc1+ 17.Be1 Qxa1 18.Nxd6+ Bxd6 19.Qxd6 Rc6 20.Qb8+ Bc8 21.Bf3 Rc1
22.Qe5 O-O  0-1

[Event "SVK-chT1E 9899"]
[Site "SVK"]
[Date "1999.??.??"]
[Round "7"]
[White "Hagara, Eduard"]
[Black "Pal, Peter"]
[Result "1-0"]
[WhiteElo "2215"]
[BlackElo "2225"]

1.e4 c5 2.Nf3 Nc6 3.Nc3 e5 4.Bc4 Be7 5.b4 cxb4 6.Nd5 Nf6 7.Bb2 d6 8.Qe2 O-O
9.h3 Nxd5 10.Bxd5 a5 11.O-O Bf6 12.a3 Bd7 13.Rab1 Qc8 14.c3 Be6 15.Qb5 Bxd5
16.Qxd5 Qe6 17.Qb5 Rfb8 18.cxb4 axb4 19.axb4 g5 20.Ra1 Rxa1 21.Rxa1 Qb3 22.Bc3 h5
23.Qd3 Rd8 24.Qe3 g4 25.hxg4 hxg4 26.Nh2 Qe6 27.Qg3 Nd4 28.Bxd4 exd4 29.Nxg4 Kf8
30.Nxf6 Qxf6 31.Qg4 Qe6 32.Qh4 Ke8 33.Qh8+ Kd7 34.Qxd4 Rc8 35.f3 Rc4 36.Qb6 Rc7
37.Qb5+ Ke7 38.Ra8 Rd7 39.Qg5+  1-0

[Event "SVK-chT1E 9899"]
[Site "SVK"]
[Date "1999.??.??"]
[Round "11"]
[White "Hagara, Eduard"]
[Black "Jacko, Vladimir"]
[Result "1/2-1/2"]
[WhiteElo "2215"]
[BlackElo "2320"]

1.e4 c5 2.Nf3 Nc6 3.Nc3 g6 4.d4 cxd4 5.Nxd4 Bg7 6.Be3 Nf6 7.Be2 O-O 8.O-O d5
9.exd5 Nxd5 10.Nxd5 Qxd5 11.Bf3 Qc4 12.Nxc6 bxc6 13.c3 Bf5 14.Be2 Qe4 15.Bf3 Qc4
16.Be2 Qe4 17.f3  1/2-1/2

[Event "SWE-chT 9899"]
[Site "Sweden"]
[Date "1999.??.??"]
[Round "9"]
[White "Wikner, Arvid"]
[Black "Johansson, Carl Fredrik"]
[Result "1-0"]
[WhiteElo "2316"]
[BlackElo "2216"]

1.e4 c5 2.Nc3 Nc6 3.Nf3 g6 4.d4 cxd4 5.Nxd4 Bg7 6.Be3 Nf6 7.Bc4 O-O 8.O-O Nxe4
9.Nxe4 d5 10.Nxc6 bxc6 11.Bc5 Qc7 12.Bd3 dxe4 13.Bxe4 Rb8 14.Qf3 Rxb2 15.Ba3 Rb5
16.Rad1 Ra5 17.Rfe1 Be6 18.Bb4 Rh5 19.h3 Bxa2 20.Qa3 Be6 21.Bf3 Rb5 22.Bxe7 Rc8
23.Bd6 Qb6 24.Bf4 Qc5 25.Qa6 Rf8 26.Bd6 Qxc2 27.Bxf8 Bxf8 28.Qxa7 Bc5 29.Rd8+ Kg7
30.Qa1+ Qb2 31.Rd2 Qxa1 32.Rxa1 Bb4 33.Rc2 c5 34.Be2 Rb8 35.Bc4 Bf5 36.Re2 Kf6
37.Ra6+ Kg7 38.Ra7 Bc3 39.g4 Rb4 40.Rxf7+ Kh6 41.gxf5 Rxc4 42.Rc2  1-0

[Event "SWE-chT 9899"]
[Site "Sweden"]
[Date "1999.??.??"]
[Round "11"]
[White "Hector, Jonny"]
[Black "Carlsson, Pontus"]
[Result "1-0"]
[WhiteElo "2629"]
[BlackElo "2301"]

1.Nc3 c5 2.Nf3 Nc6 3.e4 g6 4.d4 cxd4 5.Nxd4 Bg7 6.Be3 d6 7.Bc4 Nf6 8.f3 O-O
9.Qe2 Bd7 10.O-O-O Ne5 11.Bb3 Rc8 12.h3 Qa5 13.f4 Rxc3 14.Bd2 Nd3+ 15.Kb1 Nxb2
16.Kxb2 Nd5 17.Be1 Qb4 18.exd5 Bxd4 19.Rxd4 Rxb3+ 20.axb3 Qxd4+ 21.Bc3 Qxd5
22.Qxe7 Qe6 23.Qh4 Qf5 24.Rd1 d5 25.Rxd5 Qe6 26.Rxd7  1-0

[Event "SWZ-chT"]
[Site "SWZ"]
[Date "1999.??.??"]
[Round "1"]
[White "Milosevic, Goran"]
[Black "Loetscher, Pirmin"]
[Result "1/2-1/2"]
[WhiteElo "2355"]
[BlackElo "2054"]

1.e4 c5 2.Nc3 Nc6 3.Nf3 g6 4.d4 cxd4 5.Nxd4 Bg7 6.Be3 Nf6 7.g3 d6 8.h3 Bd7
9.Bg2 Qc8 10.Nb3 Ne5 11.Nd2 Nc4 12.Nxc4 Qxc4 13.Qd3 Qxd3 14.cxd3 Bc6 15.a4 Nd7
16.d4 b6 17.O-O O-O 18.Rfc1 a6 19.Nd5 Bxd5 20.exd5 Rfc8 21.Rc6 Kf8 22.Rac1 Rd8
23.g4 Rab8 24.g5 f5 25.f4 Rb7 26.Bf1 b5 27.a5 Ra7 28.h4 h5 29.b4 Ke8 30.Rc8 Rxc8
31.Rxc8+ Kf7 32.Kf2 Rb7 33.Ke2 Nb8 34.Kd2 Bf8 35.Kc3 Bg7 36.Kb3 Bf8 37.Bd3 Bg7
38.Be2 Bf8 39.Rc1 Bg7 40.Bd3 Bf8 41.Bd2 Bg7 42.Be2 Bf8 43.Bf3 Bg7  1/2-1/2

[Event "SWZ-chT"]
[Site "SWZ"]
[Date "1999.??.??"]
[Round "2"]
[White "King, Daniel J"]
[Black "Gheorghiu, Florin"]
[Result "1/2-1/2"]
[WhiteElo "2506"]
[BlackElo "2450"]

1.e4 c5 2.Nc3 Nc6 3.Nge2 d6 4.g3 g6 5.Bg2 Bg7 6.d3 e5 7.h4 h5 8.Nd5 Nge7
9.Bg5 Qa5+ 10.c3 Nxd5 11.exd5 Ne7 12.O-O f6 13.Bd2 Qb5 14.Qc2 c4 15.dxc4 Qxc4
16.Rfe1 Bf5 17.Qb3 b5 18.Nc1 Kf7  1/2-1/2

[Event "SWZ-chT"]
[Site "SWZ"]
[Date "1999.??.??"]
[Round "9"]
[White "Franzoni, Giancarlo"]
[Black "Summermatter, Daniel"]
[Result "1/2-1/2"]
[WhiteElo "2438"]
[BlackElo "2336"]

1.e4 c5 2.Nc3 Nc6 3.Nf3 g6 4.d4 cxd4 5.Nxd4 Bg7 6.Be3 Nf6 7.Be2 O-O 8.O-O d6
9.Nb3 Be6 10.f4 Qc8 11.Kh1 Bg4 12.Bg1 a6 13.Nd5 Bxe2 14.Qxe2 Nxd5 15.exd5 Nb4
16.Qe4 a5 17.c3 f5 18.Qf3 Na6 19.Nxa5 Nc5 20.Bxc5 Qxc5 21.Nb3 Qb5 22.Rfc1 Ra4
23.Qf1 Qb6 24.g3 Rfa8 25.Qe2 Rxa2 26.Rxa2 Rxa2 27.Qe6+ Kf8 28.Qc8+ Kf7 29.Qe6+ Kf8
30.Qc8+ Kf7  1/2-1/2

[Event "Tampere op"]
[Site "Tampere"]
[Date "1999.??.??"]
[Round "1"]
[White "Berzinsh, Roland"]
[Black "Saastamoinen, Aarne"]
[Result "1-0"]
[WhiteElo "2460"]
[BlackElo "2193"]

1.e4 c5 2.Nc3 Nc6 3.Nge2 g6 4.d4 cxd4 5.Nxd4 Bg7 6.Be3 Nf6 7.Bc4 O-O 8.Bb3 d6
9.f3 Bd7 10.Qe2 Na5 11.O-O-O a6 12.Qd3 b5 13.Kb1 Rc8 14.g4 Nc4 15.h4 Nxe3
16.Qxe3 h5 17.Nd5 Nxd5 18.exd5 hxg4 19.h5 g5 20.fxg4 b4 21.Qxg5 e5 22.Qxd8 Rfxd8
23.Nc6 Bxc6 24.dxc6 Rxc6 25.Bd5 Rc7 26.g5 Kf8 27.Rdf1 Ke8 28.h6 Bh8 29.Rhg1  1-0

[Event "Tampere op"]
[Site "Tampere"]
[Date "1999.??.??"]
[Round "4"]
[White "Berzinsh, Roland"]
[Black "Kallio, Heikki"]
[Result "0-1"]
[WhiteElo "2460"]
[BlackElo "2352"]

1.e4 c5 2.Nc3 Nc6 3.Nf3 e5 4.Bc4 d6 5.d3 Be7 6.Nd2 Bg5 7.h4 Bh6 8.Qh5 g6
9.Qd1 Nf6 10.h5 Bg4 11.f3 Be6 12.Bxe6 fxe6 13.hxg6 hxg6 14.Nc4 Bg7 15.Rxh8+ Bxh8
16.f4 exf4 17.Bxf4 Nh5 18.Qg4 Bxc3+ 19.bxc3 Qf6 20.Bd2 Kd7 21.O-O-O b5 22.e5 Qf5
23.Qxf5 gxf5 24.Nxd6 Nxe5 25.Nxb5 a6 26.Na3 Rg8 27.Re1 Nf7 28.Rh1 Nf6 29.Rg1 Nd6
30.Be3 Kc6 31.c4 e5 32.Kd1 f4 33.Bd2 Nf5 34.Ke2 Nh4 35.Kf1 f3 36.g3 Nf5 37.Nb1 Ng4
38.Nc3 f2 39.Rg2 Rh8  0-1

[Event "POL-ch U20 Girls"]
[Site "Trzbinia"]
[Date "1999.??.??"]
[Round "?"]
[White "Maka, Magdalena"]
[Black "Andrzejewska, Edyta"]
[Result "0-1"]
[WhiteElo "2055"]
[BlackElo "2098"]

1.e4 c5 2.Nc3 Nc6 3.Nge2 Nf6 4.g3 d5 5.exd5 Nd4 6.Nxd4 cxd4 7.Nb5 a6 8.Nxd4 e5
9.Qe2 Qxd5 10.Nf3 Bg4 11.Qxe5+ Be7 12.Qxd5 Nxd5 13.Be2 Nb4 14.Kd1 O-O-O 15.a3 Nc6
16.d3 Bf6 17.h3 Be6 18.Rb1 Ba2 19.Ra1 Bd5 20.Re1 Rhe8 21.Ng1 Bd4 22.Bg4+ Kb8
23.Rxe8 Rxe8 24.Ne2 Bxf2 25.Bf4+ Ka8 26.Kd2 Bg2 27.Nc3 Ne5 28.Bxe5 Rxe5 29.Ne4 Ba7
30.Nd6 Be3+ 31.Kd1 Bf2 32.Kd2 f6 33.Nc4 Re7 34.c3 Bxg3 35.Rg1 Bf4+ 36.Kc2 Bc6
37.Nb6+ Kb8 38.Rf1 g5 39.Nc4 Kc7 40.Bf5 h5 41.d4 Bd5 42.b3 Re2+ 43.Kd3 Re7
44.Rf2 b5 45.Na5 Re3+ 46.Kc2 Bg3 47.Rf1 Bg2 48.Rg1 Re2+ 49.Kd3 Rf2 50.Be6 Bf4
51.c4 Rf3+ 52.Ke4 Re3+ 53.Kf5 Bxh3+  0-1

[Event "RUS-Cup"]
[Site "Tula "]
[Date "1999.??.??"]
[Round "4"]
[White "Yagupov, Igor"]
[Black "Shariyazdanov, Andrey"]
[Result "1/2-1/2"]
[WhiteElo "2450"]
[BlackElo "2539"]

1.e4 c5 2.Nf3 Nc6 3.Nc3 e5 4.Bc4 d6 5.d3 Be7 6.O-O Nf6 7.Nd5 Nxd5 8.Bxd5 O-O
9.c3 Bf6 10.Be3 Ne7 11.Bc4 b6 12.d4 Bg4 13.dxe5 dxe5 14.Qxd8 Raxd8 15.Nd2 h6
16.f3 Bc8 17.Rfd1 Bg5 18.Kf2 Rd6 19.Nf1 Rfd8 20.Rxd6 Rxd6 21.Ke2 Bxe3 22.Nxe3 Kf8
23.a4 a5 24.g3 g5 25.Rf1 Kg7 26.Bb5 Be6 27.Bc4 Bc8 28.Bb5  1/2-1/2

[Event "RUS-Cup"]
[Site "Tula "]
[Date "1999.??.??"]
[Round "8"]
[White "Nikolenko, Oleg"]
[Black "Iskusnyh, Sergei"]
[Result "1-0"]
[WhiteElo "2510"]
[BlackElo "2486"]

1.e4 c5 2.Nf3 Nc6 3.Nc3 d6 4.d4 cxd4 5.Nxd4 Nf6 6.g3 g6 7.Bg2 Nxd4 8.Qxd4 Bg7
9.Bg5 h6 10.Be3 O-O 11.Qd2 Ng4 12.Bd4 Ne5 13.Nd5 Be6 14.O-O Nc4 15.Qc3 Bxd4
16.Qxd4 Nb6 17.Rfe1 Rc8 18.c3 Rc5 19.b3 Re8 20.c4 Qc8 21.Rac1 Qd8 22.h3 a5
23.Nf4 Nd7 24.Nd3 Rc8 25.e5 dxe5 26.Qe3 Qc7 27.Qxh6 Bf5 28.Be4 Bxe4 29.Rxe4 Qd6
30.Rce1 Qxd3 31.Rh4 f6 32.Qh7+ Kf8 33.Ree4 e6 34.Reg4 Qd1+ 35.Kg2 g5 36.Rh6 Re7
37.Qh8+ Kf7 38.Qxc8 Qd3 39.Rh8 Qg6 40.h4 Qg7 41.hxg5 f5 42.Rgh4 Nf8 43.Rxf8+  1-0

[Event "JUG-chT"]
[Site "Vrnjacka Banja"]
[Date "1999.??.??"]
[Round "1"]
[White "Ristic, Nenad"]
[Black "Ivanovic, Bozidar"]
[Result "1-0"]
[WhiteElo "2432"]
[BlackElo "2518"]

1.e4 c5 2.Nf3 Nc6 3.Nc3 d6 4.d4 cxd4 5.Nxd4 Nf6 6.Bg5 e6 7.Qd2 a6 8.O-O-O h6
9.Nxc6 bxc6 10.Bf4 d5 11.Qe3 Qe7 12.Be2 Qa7 13.Qg3 Bd7 14.Be5 h5 15.Rhe1 Be7
16.h4 Kf8 17.Bf3 Rh6 18.Bd4 Qb8 19.Qg5 Ne8 20.Bxg7+ Nxg7 21.Qxh6 Kg8 22.exd5 Bd6
23.g3 cxd5 24.Bxd5 Ra7 25.Bb3 Bc6 26.Ne4 Bxe4 27.Rxe4 Be7 28.g4 a5 29.gxh5 a4
30.Rg1 Bf8 31.Rxa4 Rxa4 32.Bxa4 Qa7 33.Qf4 e5 34.Qc4 Qxf2 35.Rf1 Qa7 36.Bb3 Nxh5  1-0

[Event "JUG-chT"]
[Site "Vrnjacka Banja"]
[Date "1999.??.??"]
[Round "2"]
[White "Cabrilo, Goran"]
[Black "Ilincic, Zlatko"]
[Result "1-0"]
[WhiteElo "2466"]
[BlackElo "2577"]

1.e4 c5 2.Nc3 Nc6 3.Nf3 Nd4 4.Bc4 Nxf3+ 5.Qxf3 e6 6.Qg3 a6 7.d3 Ne7 8.O-O d6
9.a4 Nc6 10.f4 Nb4 11.Bb3 Bd7 12.f5 e5 13.Nd1 b5 14.Ne3 bxa4 15.Bxa4 Bxa4
16.Rxa4 f6 17.Bd2 Nc6 18.Rfa1 a5 19.Qg4 Kf7 20.Nc4 Be7 21.Bxa5 Qb8 22.Bc3 Rxa4
23.Rxa4 Rc8 24.Qd1 g6 25.b3 Kg7 26.Qg4 Rg8 27.Ne3 Qc8 28.h3 Kh8 29.Nd5 gxf5
30.Qxf5 Qxf5 31.exf5 Rc8 32.Ra6 Bd8 33.Kf2 Kg7 34.Kf3 Kf7 35.g4 Ke8 36.Ke4 Kd7
37.Bd2 Nd4 38.Ba5 Nxc2 39.Bxd8 Rxd8 40.Nxf6+ Kc7 41.g5 Nd4 42.g6 hxg6 43.fxg6 Kb7
44.Ra1 Ne6 45.Rg1 Ng7 46.Kd5 Kc7 47.Ra1 Kb6 48.h4 Rh8 49.h5 Rh6 50.Kxd6 Nxh5
51.Nxh5 Rxg6+ 52.Kd5 Kb5 53.Ra8 Kb4 54.Rb8+ Kc3 55.Kxc5 Kxd3 56.b4 Kc3 57.b5 Rg5
58.Nf6 e4+ 59.Nd5+ Kd2 60.Re8  1-0

[Event "JUG-chT"]
[Site "Vrnjacka Banja"]
[Date "1999.??.??"]
[Round "4"]
[White "Brenjo, Slavisa"]
[Black "Savic, Miodrag R"]
[Result "1/2-1/2"]
[WhiteElo "2491"]
[BlackElo "2434"]

1.e4 c5 2.Nf3 Nc6 3.Nc3 g6 4.Bb5 Bg7 5.O-O e5 6.Bxc6 bxc6 7.d3 d6 8.Ne1 Nh6
9.f4 exf4 10.Bxf4 g5 11.Bd2 Ng4 12.Nf3 h6 13.h3 Ne5 14.Nxe5 Bxe5 15.Be3 g4
16.d4 cxd4 17.Bxd4 Qe7 18.Bxe5 Qxe5 19.hxg4 Rg8 20.Qf3 Be6  1/2-1/2

[Event "JUG-chT"]
[Site "Vrnjacka Banja"]
[Date "1999.??.??"]
[Round "8"]
[White "Miranovic, Rajko"]
[Black "Savic, Miodrag R"]
[Result "0-1"]
[WhiteElo "2388"]
[BlackElo "2434"]

1.e4 c5 2.Nc3 Nc6 3.Nge2 g6 4.d4 cxd4 5.Nxd4 Bg7 6.Nb3 Nf6 7.Be2 O-O 8.O-O d6
9.Re1 Be6 10.Bf1 a5 11.a4 Rc8 12.Nd5 Nb4 13.Nxb4 axb4 14.Bd2 Nd7 15.Rb1 Qc7
16.Bxb4 Qxc2 17.Nd4 Bxd4 18.Qxd4 Qxa4 19.Ra1 Qc6 20.Ra7 f6 21.Re3 Nc5 22.h4 Nb3
23.Qd1 Qb6 24.Rxb3 Qxa7 25.Rg3 Qb6 26.Bc3 Kf7 27.Qd2 Qc5 28.Be2 Ke8 29.Kh2 f5
30.Bg7 Qc2 31.Bb5+ Bd7 32.Bxd7+ Kxd7 33.Qxc2 Rxc2 34.Bxf8 Rxb2 35.exf5 Rxf2
36.Re3 Rxf5 37.Bxe7 h6 38.h5 g5 39.Kh3 b5 40.g3 b4 41.Kg2 g4 42.Bh4 Kc6 43.Re4 b3
44.Rb4 Rb5 45.Rc4+ Rc5 46.Rxc5+ Kxc5 47.Bf6 Kc4 48.Kf2 Kd3 49.Ke1 Kc2 50.Ke2 b2
51.Bxb2 Kxb2 52.Kd2 d5 53.Kd3 Kc1 54.Kd4 Kd2 55.Kxd5 Ke3 56.Ke5 Kf3 57.Kf5 Kxg3
58.Kg6 Kf4 59.Kxh6 g3 60.Kh7 g2 61.h6  0-1

[Event "Wisla Hugart op (Women)"]
[Site "Warsaw"]
[Date "1999.??.??"]
[Round "?"]
[White "Sorokina, Anastasia"]
[Black "Cosma, Elena Luminita"]
[Result "1/2-1/2"]
[WhiteElo "2181"]
[BlackElo "2365"]

1.e4 c5 2.Nf3 Nc6 3.Nc3 e5 4.Bc4 Be7 5.d3 d6 6.O-O Nf6 7.Nd5 Nxd5 8.Bxd5 O-O
9.c3 Be6 10.Qb3 Qd7 11.Ng5 Bxd5 12.exd5 Nd8 13.f4 exf4 14.Bxf4 Bxg5 15.Bxg5 f6
16.Bf4 Nf7 17.d4 cxd4 18.cxd4 Rae8 19.Rae1 Rxe1 20.Rxe1 Qf5 21.Bg3 b6 22.Qb5 h5
23.h3 Qg5 24.Bf2 h4 25.Re4 Qf5 26.Qe2 g5 27.Re7 Qxd5 28.Rxa7 Qf5 29.Rb7 Kg7
30.b3 Qb1+ 31.Kh2 Qf5 32.Kg1 Qb1+ 33.Kh2  1/2-1/2

[Event "Hoogovens-C op"]
[Site "Wijk aan Zee"]
[Date "1999.??.??"]
[Round "4"]
[White "Van den Berg, AMJ."]
[Black "Doggers, Peter"]
[Result "0-1"]
[WhiteElo "2230"]
[BlackElo "2130"]

1.e4 c5 2.Nc3 Nc6 3.Nge2 d6 4.g3 Nf6 5.Bg2 g6 6.d4 cxd4 7.Nxd4 Nxd4 8.Qxd4 Bg7
9.O-O O-O 10.h3 Be6 11.Qd3 Qc8 12.e5 dxe5 13.Qb5 Bc4 14.Qxb7 Qxb7 15.Bxb7 Rab8
16.Bc6 Bxf1 17.Kxf1 Rfd8 18.Ke2 e6 19.Ba4 Nd5 20.Nxd5 exd5 21.Bg5 f6 22.Bd2 Kf7
23.Bb3 Bf8 24.Rd1 Ke6 25.f4 Bc5 26.Ba5 Bb6 27.Bb4 a5 28.Ba3 Bc7 29.fxe5 fxe5
30.c4 d4 31.c5+ Rxb3 32.axb3 Rb8 33.Rd3 Bd8 34.Rf3 Bf6 35.c6 Rc8 36.b4 axb4
37.Bxb4 Rxc6 38.Rb3 Rb6  0-1

[Event "Morava-ch U15"]
[Site "Zlin"]
[Date "1999.??.??"]
[Round "7"]
[White "Kacmarik, Lukas"]
[Black "Cupal, Miroslav"]
[Result "1/2-1/2"]
[WhiteElo "1995"]
[BlackElo "1845"]

1.e4 c5 2.Nf3 Nc6 3.Nc3 Nf6 4.d4 cxd4 5.Nxd4 e5 6.Ndb5 d6 7.Bg5 a6 8.Na3 b5
9.Bxf6 gxf6 10.Nd5 Bg7 11.c3 Ne7 12.Nc2 f5 13.exf5 Bxf5 14.Nce3 Be6 15.g3 O-O
16.Bg2 Rb8 17.O-O f5 18.Qh5 e4 19.Rad1 Kh8 20.Bh3 Bf7 21.Qe2 Nxd5 22.Nxd5 Be6
23.f3 Qd7 24.Bg2 exf3 25.Qxf3 Be5 26.Rd2 Rf7 27.Nf4 Bxa2 28.Ra1 Bc4 29.Rxa6 b4
30.Ra8 Rff8 31.Rxb8 Rxb8 32.h4 bxc3 33.bxc3 Qa7+ 34.Kh2 Rb1 35.Qa8+ Qxa8
36.Bxa8 Rc1 37.Nd3 Bxg3+ 38.Kxg3 Rxc3 39.Kf4 Rxd3 40.Rc2 Rd4+ 41.Kg5 Kg7
42.h5  1/2-1/2

[Event "Hilton Open"]
[Site "Basel SUI"]
[Date "2000.01.01"]
[Round "2"]
[White "Xheladini,M"]
[Black "Horvath,Jo"]
[Result "1-0"]
[WhiteElo "2268"]
[BlackElo "2557"]

1.e4 c5 2.Nc3 Nc6 3.Nf3 e6 4.Bc4 a6 5.a4 Nf6 6.Qe2 d6 7.O-O Be7 8.d3 O-O
9.Ba2 b6 10.Bd2 Bb7 11.Rae1 b5 12.Qd1 Nd7 13.axb5 axb5 14.Bb1 Qb6 15.Ne2 b4
16.c3 Ra1 17.Nf4 Ba6 18.Qe2 bxc3 19.bxc3 Qb2 20.Rc1 Rb8 21.Bc2 Ra2 22.Rfd1 Bf6
23.Qe1 g6 24.Ne2 Rb7 25.Qf1 Qa3 26.Ra1 Nde5 27.Nxe5 Nxe5 28.Bh6 Bg7 29.Be3 h5
30.h3 Qb2 31.Rac1 c4 32.Rd2 cxd3 33.Bxd3 Bxd3 34.Rxb2 Rbxb2 35.Qd1 Rxe2 36.Ra1 Rxa1
37.Qxa1 Nc4 38.Bg5 Rc2 39.Qa8+ Kh7 40.Qa7 Kg8 41.Qb8+ Kh7 42.Qc7 Ne5 43.f4 Rxc3
44.Qxd6 f6 45.Bh4 Nf7 46.Qd7 Kg8 47.Qe8+ Bf8 48.Bxf6 Rc7 49.Qxe6 Rc1+ 50.Kh2 Rc7
51.Be5  1-0

[Event "Hilton Open"]
[Site "Basel SUI"]
[Date "2000.01.03"]
[Round "5"]
[White "Xheladini,M"]
[Black "Cvitan,O"]
[Result "0-1"]
[WhiteElo "2268"]
[BlackElo "2489"]

1.e4 c5 2.Nc3 Nc6 3.Nf3 g6 4.Bc4 Bg7 5.O-O e6 6.Re1 d6 7.d3 Nge7 8.Bg5 h6
9.Bf4 O-O 10.a4 a6 11.Bb3 Kh7 12.Qc1 b6 13.Ne2 e5 14.Bd2 d5 15.exd5 Nxd5
16.h3 Be6 17.Ng3 Nc7 18.Ra3 f5 19.Re2 Qd6 20.Qe1 Rae8 21.Nf1 Bxb3 22.Rxb3 b5
23.axb5 axb5 24.Ra3 Qd5 25.Ng3 Ne6 26.Qb1 b4 27.Ra1 c4 28.dxc4 Qxc4 29.c3 e4
30.Nh2 Nc5 31.Qd1 Nb3 32.Rb1 Rd8 33.Nhf1 Rd3 34.Qe1 Rfd8 35.cxb4 Ncd4 36.Bc3 Nxe2+
37.Nxe2 Bxc3 38.bxc3 Nd2 39.Rc1 Nxf1 40.Qxf1 Rd2 41.Nd4 Qxf1+ 42.Kxf1 Rc8
43.Nb3 Rb2 44.Nc5 Rd8 45.Ra1 Rdd2 46.Ra7+ Kg8 47.Ke1 Re2+ 48.Kd1 Rxf2 49.Kc1 Rfc2+
50.Kd1 Rxg2 51.Kc1 Rbc2+ 52.Kb1 Rcf2  0-1